书目信息 |
| 题名: |
法学重点题库
|
|
| 作者: | ;同等学力人员申请硕士学位统考命题研究组 编 | |
| 分册: | ||
| 出版信息: | 北京 中国经济出版社 2004.03 |
|
| 页数: | 504页 | |
| 开本: | 24cm | |
| 丛书名: | 同等学力人员申请硕士学位综合水平统考重点题库系列 | |
| 单 册: | ||
| 中图分类: | D90-44 | |
| 科图分类: | ||
| 主题词: | 法学--研究生--统一考试--习题 | |
| 电子资源: | ||
| ISBN: | 7-5017-6312-7 | |
| 000 | 01072nam 22002417 450 | |
| 001 | 192004003388 | |
| 005 | 20070912095439.10 | |
| 010 | @a7-5017-6312-7@dCNY45.00 | |
| 100 | @a20070602d2004 ekmy0chiy0121 ea | |
| 101 | 0 | @achi |
| 102 | @aCN@b110000 | |
| 105 | @ay z 000yy | |
| 200 | 1 | @a法学重点题库@Afa xue chong dian ti ku@f同等学力人员申请硕士学位统考命题研究组编 |
| 210 | @a北京@c中国经济出版社@d2004.03 | |
| 215 | @a504页@d24cm | |
| 225 | 2 | @a同等学力人员申请硕士学位综合水平统考重点题库系列@Atong deng xue li ren yuan shen qing shuo shi xue wei zong he shui ping tong kao zhong dian ti ku xi lie |
| 330 | @a本书内容包括:法理学、法的概念、法的要素、法的起源和历史发展、中国法制史、汉朝法律制度、宋元法律制度、宪法、刑法、民法等。 | |
| 410 | 0 | @12001 @a同等学力人员申请硕士学位综合水平统考重点题库系列 |
| 606 | 0 | @a法学@x研究生@x统一考试@j习题 |
| 690 | @aD90-44@v4 | |
| 711 | 02 | @a同等学力人员申请硕士学位统考命题研究组@Atong deng xue li ren yuan shen qing shuo shi xue wei tong kao ming ti yan jiu zu@4编 |
| 801 | 0 | @aCN@c20070912 |
| 905 | @dD90-44@eT829 | |
| 法学重点题库/同等学力人员申请硕士学位统考命题研究组编.-北京:中国经济出版社,2004.03 |
| 504页;24cm.-(同等学力人员申请硕士学位综合水平统考重点题库系列) |
| ISBN 7-5017-6312-7:CNY45.00 |
| 本书内容包括:法理学、法的概念、法的要素、法的起源和历史发展、中国法制史、汉朝法律制度、宋元法律制度、宪法、刑法、民法等。 |
| ● |
| 相关链接 |
|
|
|
正题名:法学重点题库
索取号:D90-44/T829
 
预约/预借
| 序号 | 登录号 | 条形码 | 馆藏地/架位号 | 状态 | 备注 |
| 1 | 617553 | 206175538 | 社科库509/509社科库 80排4列3层/ [索取号:D90-44/T829] | 在馆 | |
| 2 | 617554 | 206175547 | 社科库509/509社科库 80排4列3层/ [索取号:D90-44/T829] | 在馆 | |
| 3 | 617555 | 206175556 | 社科库509/509社科库 80排4列3层/ [索取号:D90-44/T829] | 在馆 |